Bývanie a sociálna kvalita
Základné princípy sociálnej kvality. Faktory sociálnej kvality. Indexy a sub-indexy sociálnej kvality. Typológia sociálnej kvality. Bývanie z aspektu koncepcie sociálnej kvality. Bývanie z pohľadu sociálno-ekonomickej istoty, sociálnej inklúzie, sociálnej kohézie a sociálnej kompetentnosti.
Enregistré dans:
| Auteur principal: | |
|---|---|
| Format: | Chapitre de livre |
| Langue: | slovaque |
| Sujets: | |
| Tags: |
Pas de tags, Soyez le premier à ajouter un tag!
|
MARC
| LEADER | 00000naa$a2200000$$$4500 | ||
|---|---|---|---|
| 001 | 0248060 | ||
| 005 | 20240502103445.9 | ||
| 041 | 0 | |a slo | |
| 044 | |a SK | ||
| 245 | 1 | 0 | |a Bývanie a sociálna kvalita |c Mária Antalová |
| 520 | |a Základné princípy sociálnej kvality. Faktory sociálnej kvality. Indexy a sub-indexy sociálnej kvality. Typológia sociálnej kvality. Bývanie z aspektu koncepcie sociálnej kvality. Bývanie z pohľadu sociálno-ekonomickej istoty, sociálnej inklúzie, sociálnej kohézie a sociálnej kompetentnosti. | ||
| 610 | 2 | 0 | |a bývanie |
| 610 | 2 | 0 | |a kvalita sociálna |
| 610 | 2 | 0 | |a podmienky životné |
| 610 | 2 | 0 | |a ochrana sociálna |
| 100 | 1 | |a Antalová, Mária, 1952- | |